| 000 | 01441nam a2200289 i 4500 | ||
|---|---|---|---|
| 003 | DO-SdBNP | ||
| 005 | 20250903140047.0 | ||
| 007 | ta | ||
| 008 | 220728b199u dr ||||| |||| 001 0 spa d | ||
| 040 |
_aDO-SdBNP _bspa _cBNPHU _erda |
||
| 041 | _aspa | ||
| 082 | 4 |
_aR426c _b352.77 _222 |
|
| 110 | 1 | 0 |
_aRepública Dominicana. _bSecretaría de Estado de Obras Públicas y Comunicaciones |
| 245 | 1 | 0 | _aCriterios básicos para estudios geotécnicos de carreteras / |
| 264 | 1 |
_aSanto Domingo : _bDirección General de Reglamentos y Sistemas DGRS, _c[1990] |
|
| 300 |
_a40 páginas : _c27 cm |
||
| 336 |
_atexto _btxt _2rdacontent |
||
| 337 |
_asin mediación _bn _2rdamedia |
||
| 338 |
_avolumen _bnc _2rdacarrier |
||
| 490 | 1 | _aserie M-011 | |
| 505 | _tAspectos generales -- Definiciones -- Estudios geotécnicos preliminares -- Estudio geotécnico para proyectos construcción de caminos vecinales, carreteras y autopistas -- Estudio geotécnico para el proyecto de reconstrucción y rehabilitación de carreteras y autopistas -- Estudio geotécnico para el proyecto de taludes en corte mayores de cinco (5) metros de altura -- Estudio geotécnico para el proyecto de túneles -- Estudio geotécnico de fundaciones / | ||
| 590 | _aInventariado, 2022 / SA | ||
| 650 | 4 | 0 |
_96560 _aCarreteras |
| 650 | 4 | 0 |
_aConstrucción de carreteras _zRepública Dominicana _96560 |
| 856 | _yhttps://www.mopc.gob.do/media/1946/r-011.pdf | ||
| 942 |
_2ddc _cLF2 |
||
| 999 |
_c52246 _d52246 |
||